Detalles MARC
| 000 -CABECERA |
| Longitud fija campo de control |
01996nam a2200373 i 4500 |
| 003 - • IDENTIFICADOR DELl NÚMERO DE CONTROL |
| Identificador del número de control |
CO-BoRNBP |
| 005 - • FECHA Y HORA DE LA ÚLTIMA TRANSACCIÓN |
| Fecha y hora de la última transacción |
20260218163125.0 |
| 007 - • CAMPO FIJO DE DESCRIPCIÓN FÍSICA |
| Campo fijo de descripción física |
ta |
| 008 - • CÓDIGOS DE INFORMACIÓN DE LONGITUD FIJA |
| Códigos de información de longitud fija |
231114r20242020ck a ||br ||| 00| j spa d |
| 020 ## - • NÚMERO INTERNACIONAL NORMALIZADO PARA LIBROS |
| Número Internacional Normalizado para Libros (ISBN) |
9789585887992 |
| 040 ## - FUENTE DE LA CATALOGACIÓN |
| Centro catalogador de origen |
CO-BoRNBP |
| Lengua de catalogación |
spa |
| Normas de descripción |
rda |
| Centro transcriptor |
CO-BoRNBP |
| 041 0# - • CÓDIGO DE LENGUA |
| Código de lengua del texto/banda sonora o título independiente |
spa |
| 043 ## - CÓDIGO DE ÁREA GEOGRÁFICA |
| Código de área geográfica |
s-ck--- |
| 084 ## - • Clasificación Local Alfanúmerica PNLB |
| Número de clasificación |
C SAT8 |
| 100 1# - • PUNTO DE ACCESO PRINCIPAL-NOMBRE DE PERSONA |
| Nombre de persona |
Satizábal Posada, Amalia, |
| Fechas asociadas al nombre |
1983- , |
| Término indicativo de función |
aut |
| -- |
ill |
| 245 10 - • TITULO PROPIAMENTE DICHO |
| Título |
Río de colores / |
| Mención de responsabilidad, etc. |
texto e ilustraciones de Amalia Satizábal ; editado por Mauricio Gaviria. |
| 250 ## - • MENCIÓN DE EDICIÓN |
| Mención de edición |
Primera edición. |
| Resto de la mención de edición |
Tercera reimpresión |
| 264 #1 - PRODUCCIÓN, PUBLICACIÓN , DISTRIBUCIÓN, FABRICACIÓN Y COPYRIGHT |
| Lugar de producción, publicación, distribución, fabricación |
Bogotá, Colombia : |
| Nombre del productor, editor, distribuidor, fabricante |
Editorial Monigote, |
| Fecha de de producción, publicación, distribución, fabricación o copyright |
2020, |
| -- |
2024. |
| 300 ## - • DESCRIPCIÓN FÍSICA |
| Extensión |
46 páginas sin numerar : |
| Otras características físicas |
ilustraciones a color ; |
| Dimensiones |
24 cm. |
| 336 ## - TIPO DE CONTENIDO |
| Término de tipo de contenido |
texto |
| Código de tipo de contenido |
txt |
| Fuente |
rdacontent |
| 337 ## - TIPO DE MEDIO |
| Nombre del tipo de medio |
sin mediación |
| Código del tipo de medio |
n |
| Fuente |
rdamedia |
| 338 ## - TIPO DE SOPORTE |
| Nombre del tipo de soporte |
volumen |
| Código del tipo de soporte |
nc |
| Fuente |
rdacarrier |
| 520 3# - • NOTA DE RESUMEN |
| Resumen, etc, |
Rogelio Páramo, un oso de anteojos que no hace más que trabajar, sale de la ciudad con su familia para ir a conocer un paraje natural de Colombia que, dicen, es mágico: Caño Cristales, uno de los parques nacionales más hermosos y más frágiles del país. Tras un viaje de aventura en el que conocerán a seres de otros mundos, y luego de sortear un incidente, las coloridas aguas del místico río cambiarán para siempre la vida de esta familia de osos, en especial la de Rogelio. Una historia para honrar nuestros lugares de origen. (Tomado de la fuente). |
| 521 1# - • NOTA DE PÚBLICO DESTINATARIO |
| Nota público destinatario (R ) |
Recomendado para un público infantil mayor de 6 años. |
| 650 17 - • PUNTO DE ACCESO ADICIONAL DE MATERIA - TÉRMINO DE MATERIA |
| Término de materia o nombre geográfico como elemento inicial |
Cuentos infantiles colombianos |
| Subdivisión cronológica |
Siglo XXI |
| Fuente del encabezamiento o término |
rnbp |
| 650 17 - • PUNTO DE ACCESO ADICIONAL DE MATERIA - TÉRMINO DE MATERIA |
| Término de materia o nombre geográfico como elemento inicial |
Literatura infantil colombiana |
| Subdivisión cronológica |
Siglo XXI |
| Fuente del encabezamiento o término |
rnbp |
| 650 17 - • PUNTO DE ACCESO ADICIONAL DE MATERIA - TÉRMINO DE MATERIA |
| Término de materia o nombre geográfico como elemento inicial |
Viajes en la literatura |
| Fuente del encabezamiento o término |
rnbp |
| Subdivisión de forma |
Cuentos |
| 650 17 - • PUNTO DE ACCESO ADICIONAL DE MATERIA - TÉRMINO DE MATERIA |
| Término de materia o nombre geográfico como elemento inicial |
Osos de anteojos en la literatura |
| Fuente del encabezamiento o término |
LEMB |
| 651 #4 - • PUNTO DE ACCESO ADICIONAL DE MATERIA - NOMBRE GEOGRÁFICO |
| Nombre geográfico |
Caño Cristales (Río, Colombia) |
| Subdivisión de forma |
Cuentos infantiles |
| 651 #4 - • PUNTO DE ACCESO ADICIONAL DE MATERIA - NOMBRE GEOGRÁFICO |
| Nombre geográfico |
Parque Nacional Natural Serranía De La Macarena |
| Subdivisión de forma |
Cuentos infantiles |
| 700 1# - • PUNTO DE ACCESO ADICIONAL - NOMBRE DE PERSONA |
| Nombre de persona |
Gaviria, Maurio |
| Término indicativo de función |
edt |
| 942 ## - ENTRADA DE ELEMENTOS AGREGADOS (KOHA) |
| Fuente de clasificaión o esquema |
|
| Koha [por defecto] tipo de item |
Literatura Infantil |
| Suppress in OPAC |
0 |